[Event "St Chely d'Aubrac op 10th"]
[Site "St Chely d'Aubrac"]
[Date "2010.07.13"]
[Round "5"]
[White "Rateau, Cyprien"]
[Black "Rota Graziosi, Annael"]
[Result "1-0"]
[WhiteElo "1360"]
[BlackElo "1150"]
[PlyCount "79"]
[EventDate "2010.07.10"]
[EventType "swiss"]
[EventRounds "9"]
[EventCountry "FRA"]
[SourceTitle "CBM 137 Extra"]
[Source "ChessBase"]
[SourceDate "2010.09.01"]
[SourceVersion "1"]
[SourceVersionDate "2010.09.01"]
[SourceQuality "1"]

1. d4 d5 2. Nc3 Nf6 3. Bf4 Bf5 4. Nf3 Nc6 5. e3 e6 6. a3 Be7 7. Bb5 a6 8. Bxc6+ bxc6 9. Ne5 0-0 10. Nxc6 Qe8 11. Nxe7+ Qxe7 12. 0-0 Qd8 13. f3 Qb8 14. b3 Nd7 15. e4 Bg6 16. exd5 exd5 17. Nxd5 Qb7 18. Ne3 Nf6 19. Qd2 Nh5 20. Be5 f6 21. Bg3 Nxg3 22. hxg3 Qc8 23. Nd5 Qd8 24. c4 Qd6 25. g4 Rab8 26. Rab1 c6 27. Nb4 Bxb1 28. Rxb1 a5 29. Nc2 a4 30. b4 Qe6 31. d5 cxd5 32. cxd5 Qd6 33. Ne3 Qd8 34. d6 Qe8 35. Qd3 Rb6 36. Nc4 Rc6 37. b5 Rc8 38. d7 Qe6 39. dxc8Q Rxc8 40. Qe4 1-0

[Event "St Chely d'Aubrac op 10th"]
[Site "St Chely d'Aubrac"]
[Date "2010.07.12"]
[Round "4"]
[White "Rota Graziosi, Annael"]
[Black "Manser, Lucas"]
[Result "0-1"]
[WhiteElo "1150"]
[BlackElo "1642"]
[PlyCount "88"]
[EventDate "2010.07.10"]
[EventType "swiss"]
[EventRounds "9"]
[EventCountry "FRA"]
[SourceTitle "CBM 137 Extra"]
[Source "ChessBase"]
[SourceDate "2010.09.01"]
[SourceVersion "1"]
[SourceVersionDate "2010.09.01"]
[SourceQuality "1"]

1. e4 c6 2. Nf3 d5 3. Nc3 dxe4 4. Nxe4 Nd7 5. Bc4 Ngf6 6. 0-0 Nxe4 7. d3 Nef6 8. Ng5 e6 9. Qe1 Nb6 10. Bxe6 Bxe6 11. Nxe6 fxe6 12. Qxe6+ Qe7 13. Qh3 Qd7 14. Re1+ Be7 15. Qg3 Rg8 16. Qe3 Nbd5 17. Qd2 0-0-0 18. Qd1 Rde8 19. c4 Nc7 20. Bf4 Bd6 21. Be3 c5 22. d4 cxd4 23. Bxd4 Rxe1+ 24. Qxe1 Bxh2+ 25. Kxh2 Qxd4 26. Rd1 Qe4 27. Qa5 Ng4+ 28. Kg1 Re8 29. Qd2 Qe7 30. f3 Qe3+ 31. Kf1 Qxd2 32. Rxd2 Ne3+ 33. Kf2 Nxc4 34. b3 Nxd2 35. a4 Nxb3 36. Kg1 Kd7 37. Kh2 Ke6 38. g3 Kf5 39. g4+ Kf4 40. Kg2 Re2+ 41. Kh3 Kxf3 42. Kh4 Kf4 43. Kh3 h5 44. Kh4 Rh2# 0-1